| 000 | 01379nam a2200385Ii 4500 | ||
|---|---|---|---|
| 001 | DIGCAR0119 | ||
| 003 | NyNyDIG | ||
| 006 | m o d | ||
| 007 | cr ||||||||||| | ||
| 008 | 221003s2013 sp o 000 0 spa d | ||
| 035 | _a(OCoLC)1350508542 | ||
| 040 |
_aDGITA _beng _erda _epn _cDGITA |
||
| 020 | _z9788415681632 | ||
| 043 | _ae-sp--- | ||
| 050 | 1 | 4 | _aHG3190.B32 ebook |
| 100 | 1 |
_aMartínez, Jesús, _d1975- _eauthor. |
|
| 245 | 1 | 0 |
_aMonopoly BCN / _cJesús Martínez. |
| 264 | 1 |
_aBarcelona : _bediciones carena, _c[2013] |
|
| 300 | _a1 online resource. | ||
| 336 |
_atext _btxt _2rdacontent |
||
| 337 |
_acomputer _bc _2rdamedia |
||
| 338 |
_aonline resource _bcr _2rdacarrier |
||
| 347 |
_atext file _2rdaft |
||
| 347 | _bPDF | ||
| 588 | 0 | _aOnline resource; title from PDF title page (Digitalia, viewed October 3, 2022) | |
| 650 | 0 |
_aBanks and banking _zSpain _zBarcelona. |
|
| 655 | 0 | _aElectronic books. | |
| 791 | 2 |
_aDigitalia (Firm), _edistributor. |
|
| 793 | 0 |
_gDigitalia eBook Collection: _aEdiciones Carena |
|
| 776 | 0 | 8 |
_iPrint version: _aMartínez, Jesús, 1975- _tMonopoly BCN. _bPrimera edición. _dBarcelona : ediciones carena, [2013] _z9788415681632 |
| 830 | 0 |
_aEnsayo social (Editorial Carena) ; _v38. |
|
| 856 | 4 | 0 |
_3Digitalia Hispánica _uhttps://www.digitaliapublishing.com/a/23507/ |
| 910 | _aPremium collection: 2022 | ||
| 942 | _cRAA | ||
| 999 |
_c237730 _d237730 |
||